000 00618nam a2200229Ia 4500
003 OSt
005 20220924122545.0
006 a|||||r|||| 00| 0
007 ta
008 220923b |||||||| |||| 00| 0 urd d
024 _a314135
037 _cTextual
040 _aARTS
_cARTS
_burd
041 _2urd
_aurd
082 _aO168,1MQA4,1, B6
100 _aLuckhnavi Qasim
_9189911
245 0 _aMasnavi Hairat
260 _aLuckhnow
_bMunshi Naval Kishore India
_c1886
650 _aURDU POETRY
942 _hO168,1MQA4,1, B6
_cTEXL
_2CC
999 _c412123
_d412123